Представление документа в формате MARC21

ПолеНазваниеЗначение
  Тип записи a
  Библиографический уровень m
001 Контрольный номер RU\infra-m\znanium\bibl\2189085
005 Дата корректировки 20260429142113.6
008 Кодируемые данные 260217s2025 RU g rus u
020 Индекс ISBN __
a ISBN 978-5-16-020719-3
020 Индекс ISBN __
a ISBN 978-5-16-113381-1 (электр. издание)
040 Источник каталогиз. __
a Служба первич. каталог. Общество с ограниченной ответственностью «ЗНАНИУМ»
041 Код языка издания __
a Код языка текста rus
044 Код страны публикации __
a Код страны публикации RU
080 Индекс УДК __
a Индекс УДК 623.64(075.8)
084 Индекс другой классификации/Индекс ББК __
2 Источник индекса rubbk
a Индекс другой классификации/Индекс ББК 68.83я73
084 Индекс другой классификации/Индекс ББК __
2 Источник индекса okso
a Индекс другой классификации/Индекс ББК 40.02.02
084 Индекс другой классификации/Индекс ББК __
2 Источник индекса okso
a Индекс другой классификации/Индекс ББК 40.05.02
084 Индекс другой классификации/Индекс ББК __
2 Источник индекса okso
a Индекс другой классификации/Индекс ББК 56.05.01
084 Индекс другой классификации/Индекс ББК __
2 Источник индекса okso
a Индекс другой классификации/Индекс ББК 56.05.02
084 Индекс другой классификации/Индекс ББК __
2 Источник индекса okso
a Индекс другой классификации/Индекс ББК 56.05.03
084 Индекс другой классификации/Индекс ББК __
2 Источник индекса okso
a Индекс другой классификации/Индекс ББК 56.05.04
084 Индекс другой классификации/Индекс ББК __
2 Источник индекса okso
a Индекс другой классификации/Индекс ББК 56.05.05
084 Индекс другой классификации/Индекс ББК __
2 Источник индекса okso
a Индекс другой классификации/Индекс ББК 57.04.01
084 Индекс другой классификации/Индекс ББК __
2 Источник индекса okso
a Индекс другой классификации/Индекс ББК 57.05.01
084 Индекс другой классификации/Индекс ББК __
2 Источник индекса okso
a Индекс другой классификации/Индекс ББК 57.05.02
084 Индекс другой классификации/Индекс ББК __
2 Источник индекса okso
a Индекс другой классификации/Индекс ББК 57.05.03
100 Автор __
a Автор Мельничук В.А.
q Полное имя Мельничук Виктор Алексеевич
u Дополнение Санкт-Петербургский университет Министерства внутренних дел России
245 Заглавие __
a Заглавие Военная топография в деятельности органов внутренних дел
b Продолж. заглавия Учебное пособие
c Ответственность Санкт-Петербургский университет Министерства внутренних дел России
250 Сведения об издании __
a Основные сведения об издании 1
260 Выходные данные __
a Место издания Москва
b Издательство ООО "Научно-издательский центр ИНФРА-М"
c Дата издания 2026
300 Физическое описание __
a Объем 116 с.
440 Серия __
a Серия Военное образование
520 Аннотация __
a Аннотация Учебное пособие предназначено для изучения основ топографической подготовки и применения топографических знаний в практической деятельности сотрудников органов внутренних дел. Приводятся общие сведения о местности способы полевых измерений сущность ориентирования и целеуказания краткая характеристика топо графических карт и порядок их использования в оперативно-служебной деятельности общие правила чтения топографических карт. Материал изложен в доступной форме содержит иллюстрации практические примеры и рекомендации что способствует эффективному освоению учебного материала. Соответствует требованиям федеральных государственных образовательных стандартов высшего образования последнего поколения. Предназначено для курсантов слушателей учебных заведений системы Министерства внутренних дел а также сотрудников территориальных органов внутренних дел в ходе проведения занятий по профессиональной служебной и физической подготовке.
521 Примеч. о цел. назн. __
a Примеч. о целев. назн. Профессиональное образование
650 Тематические рубрики __
a Основная рубрика Военное дело. Оружие. Спецслужбы
x Основная подрубрика Теория военного искусства
655 Указ. предметных рубрик (устаревшее) __
a Жанр/ форма (устаревшее) Учебное пособие
700 Другие авторы __
a Другие авторы Михайлов О.Г.
q Полное имя Михайлов Олег Геннадьевич
u Дополнение Санкт-Петербургский университет Министерства внутренних дел России
856 Электронный адрес документа 4_
a Имя сервера/домена znanium.ru
m Помощь ebs_support@infra-m.ru
n Местонахождение сервера НИЦ ИНФРА-М
u URL https://znanium.ru/catalog/document?id=466073
856 Электронный адрес документа 48
a Имя сервера/домена znanium.ru
d Путь /cover/2189
f Электронное имя 2189085.jpg
q Тип электронного формата image/jpeg
u URL https://znanium.ru/cover/2189/2189085.jpg
911 __
u 0030=https://znanium.ru/catalog/document?id=466073